| 000 | 00351 a2200133 4500 | ||
|---|---|---|---|
| 003 | Nust | ||
| 005 | 20170207170137.0 | ||
| 040 | _cNust | ||
| 082 | _a799 | ||
| 245 |
_aJSC MCC-51 Present Sovinoer to CIC,Photgraphs-2014 _cMCS |
||
| 260 |
_aRawalpindi _bMCS _c28-10-2014 |
||
| 650 | _aJSC MCC-51 Present Sovinoer to CIC,Photgraphs-2014 | ||
| 651 | _aSweet Memories-MCS | ||
| 942 | _cBK | ||
| 999 |
_c214213 _d214213 |
||